01390nam a2200373 a 4500001001200000003000800012006001900020007001500039008004100054010001700095020001800112020002700130040002100157035002100178043001200199050002900211082001900240245007700259260004300336300002500379490003500404504004100439533015200480650003000632650003000662650003000692651003300722651003700755655002900792710001600821710001700837830003600854856012600890ebr10527217CaPaEBRm u cr cn|||||||||111013s2011 dcua sb 000 0 eng d z 2011041960 z9780821389126 z9780821389133 (e-book) aCaPaEBRcCaPaEBR a(OCoLC)778436421 aaz-----14aHD5812.57.A6bM67 2011eb04a331.12095422300aMore and better jobs in South Asiah[electronic resource] /cWorld Bank. aWashington, D.C. :bWorld Bank,c2011. axxiv, 326 p. :bill.1 aSouth Asia development matters aIncludes bibliographical references. aElectronic reproduction.bPalo Alto, Calif. :cebrary,d2013.nAvailable via World Wide Web.nAccess may be limited to ebrary affiliated libraries. 0aLabor marketzSouth Asia. 0aLabor policyzSouth Asia. 0aLabor supplyzSouth Asia. 0aSouth AsiaxEconomic policy. 0aSouth AsiaxEconomic conditions. 7aElectronic books.2local2 aWorld Bank.2 aebrary, Inc. 0aSouth Asia development matters.40uhttp://site.ebrary.com/lib/rucke/Doc?id=10527217zAn electronic book accessible through the World Wide Web; click to view